1309 1287 1814 1552 1411 1090 1706 1975 1416 1956 1079 1432 1459 1509 1018 1705 1719 1019 1489 1029 1608 1851 1502 1771 1694 1590 1284 1851 1097 1113 1932 1444 1810 1183 1034 1199 1332 1956 1877 1753 1453 1342 1364 1481 1553 1578 1413 1134 1484 1522 1530 1160 1772 1696 1843 1218 1790 1033 1753 1616 1109 1790 1214 1745 1242 1217 1990 1634 1495 1410 1777 1634 1187 1720 1182 1246 1528 1814 1961 1442 1826 1976 1038 1577 1938 1871 1614 1280 1171 1742 1335 1645 1024 1607 1016 1188 1709 1657 1772 BCNSPRNW ULIB Ver.6.0+V

เปลี่ยนเป็นภาษาไทย

Change to English
 แสดงรายละเอียดบรรณานุกรม
  กลับหน้าหลัก

Brief Record : Get Marc (ISO 2709) : E-mail record : QR code < ปิดหน้าต่าง
LEADER : 00000nam 2200000uu 4500
001    13399112136
003     ULIB
008    110727s2551||||th 000 0 tha d
020    9789740318811
050  4 HA62^bส882ก 2551
100 0  สุวิมล ติรกานันท์
245 10 การสร้างเครื่องมือวัดตัวแปรในการวิจัยทางสังคมศาสตร์ :^bแนวทางสู่การปฏิบัติ /^cสุวิมล ติรกานันท์
250    พิมพ์ครั้งที่ 2
260    กรุงเทพฯ :^bภาควิชาการประเมินและการวิจัย คณะศึกษาศาสตร์มหาวิทยาลัยรามคำแหง,^c2551
300    280 หน้า ;^c26 ซม.
650  4 สังคมศาสตร์^xวิจัย
710 2  มหาวิทยาลัยรามคำแหง. ^bคณะศึกษาศาสตร์.^bภาควิชาการประเมินและการวิจัย
945    ^p240^l0^i026877
945    ^p240^l0^i026878
995    ทศพร
999 ^a ทศพร
รายการนี้ยังไม่มีแท็ก
คุณยังไม่ได้ล็อกอิน คุณสามารถมีกิจกรรมร่วมกับเว็บไซต์ได้ แต่ต้องล็อกอินก่อน ::
  ล็อกอิน

รายการสื่อสารสนเทศ

ลำดับที่ ประเภท เลขเรียก/บาร์โค้ด สถานที่ สถานะ
- ไม่พบข้อมูล -

รายการใกล้เคียง
    ผู้แต่ง [สุวิมล ติรกานันท์]

BibComment


ยังไม่เคยถูกคอมเมนท์

คอมเมนท์ทรัพยากรรายการนี้
  คอมเมนท์: การสร้างเครื่องมื..


 Copyright 2026. Bcnsprnw @Library